| 000 | 00474nam a2200181Ia 4500 | ||
|---|---|---|---|
| 001 | 21722 | ||
| 008 | 140409s9999 xx 000 0 und d | ||
| 020 | _a0-201-54834-8 | ||
| 040 | _cPK-LaUMT | ||
| 082 |
_a 005.1 _bCOX-O |
||
| 100 | _aBrad J. Cox | ||
| 245 |
_aObject-oriented programming: _ban evolutionary appoach _cBrad J. Cox |
||
| 250 | _a2nd | ||
| 260 |
_aReading,USA: _bAddison-Wesley Publishing Company, _c1991 |
||
| 300 | _a270 p. | ||
| 546 | _aEN | ||
| 942 | _cBK | ||
| 999 |
_c22022 _d22022 |
||